|
|
|
|
| LEADER |
01941nam a2200457 i 4500 |
| 001 |
EBC4744207 |
| 003 |
MiAaPQ |
| 005 |
20200520144314.0 |
| 006 |
m o d | |
| 007 |
cr cnu|||||||| |
| 008 |
161227t20122012flua ob 000 0 eng d |
| 020 |
|
|
|z 9781420078602
|
| 020 |
|
|
|a 9781466503113
|q (electronic bk.)
|
| 035 |
|
|
|a (MiAaPQ)EBC4744207
|
| 035 |
|
|
|a (Au-PeEL)EBL4744207
|
| 035 |
|
|
|a (CaPaEBR)ebr11317585
|
| 035 |
|
|
|a (OCoLC)967110475
|
| 040 |
|
|
|a MiAaPQ
|b eng
|e rda
|e pn
|c MiAaPQ
|d MiAaPQ
|
| 050 |
|
4 |
|a HD30.2
|b .P546 2012
|
| 082 |
0 |
|
|a 004.068/4
|2 22
|
| 100 |
1 |
|
|a Plenert, Gerhard Johannes,
|e author.
|
| 245 |
1 |
0 |
|a Lean management principles for information technology /
|c Gerhard J. Plenert.
|
| 264 |
|
1 |
|a Boca Raton, Florida :
|b CRC Press,
|c 2012.
|
| 264 |
|
4 |
|c 2012
|
| 300 |
|
|
|a 1 online resource (364 pages) :
|b illustrations.
|
| 336 |
|
|
|a text
|2 rdacontent
|
| 337 |
|
|
|a computer
|2 rdamedia
|
| 338 |
|
|
|a online resource
|2 rdacarrier
|
| 490 |
1 |
|
|a Series on Resource Management
|
| 504 |
|
|
|a Includes bibliographical references.
|
| 588 |
|
|
|a Description based on print version record.
|
| 590 |
|
|
|a Electronic reproduction. Ann Arbor, MI : ProQuest, 2016. Available via World Wide Web. Access may be limited to ProQuest affiliated libraries.
|
| 650 |
|
0 |
|a Information technology
|x Management.
|
| 650 |
|
0 |
|a Business enterprises
|x Computer network resources.
|
| 650 |
|
0 |
|a Information resources management
|x Economic aspects.
|
| 650 |
|
0 |
|a Industrial efficiency.
|
| 655 |
|
4 |
|a Electronic books.
|
| 776 |
0 |
8 |
|i Print version:
|a Plenert, Gerhard Johannes.
|t Lean management principles for information technology.
|d Boca Raton, Florida : CRC Press, c2012
|h xxiii, 344 pages
|k Series on resource management.
|z 9781420078602
|w 2011012048
|
| 797 |
2 |
|
|a ProQuest (Firm)
|
| 830 |
|
0 |
|a Series on resource management.
|
| 856 |
4 |
0 |
|u https://ebookcentral.proquest.com/lib/matrademy/detail.action?docID=4744207
|z Click to View
|